Tratado Latinoamericano de sociología del trabajo /
Se realiza una síntesis del nacimiento de la sociología del trabajo como campo alternativo en donde se pudiese relacionar diferentes teorías y disciplinas que lograran construir en el mundo académico una reflexión teórica y metodológica con base empírica de explicación de los diferentes fenómenos qu...
Gardado en:
| Autor Principal: | |
|---|---|
| Autores Corporativos: | , |
| Outros autores: | |
| Formato: | Texto |
| Publicado: |
México, D.F:
El Colegio México
|
| Materias: | |
| Etiquetas: |
Engadir etiqueta
Sen Etiquetas, Sexa o primeiro en etiquetar este rexistro!
|
MARC
| LEADER | 00000 a a2200000 04500 | ||
|---|---|---|---|
| 001 | 26858 | ||
| 003 | |||
| 040 | |||
| 020 | |a 968-16-6026-9 | ||
| 090 | |a 146603 | ||
| 100 | |a Garza Toledo, Enrique de la | ||
| 110 | |a FLACSO | ||
| 245 | |a Tratado Latinoamericano de sociología del trabajo / |c FLACSO | ||
| 260 | |a México, D.F: |b El Colegio México | ||
| 300 | |a 796 p | ||
| 520 | |a Se realiza una síntesis del nacimiento de la sociología del trabajo como campo alternativo en donde se pudiese relacionar diferentes teorías y disciplinas que lograran construir en el mundo académico una reflexión teórica y metodológica con base empírica de explicación de los diferentes fenómenos que envuelven a la población trabajadora..Para explicar el desarrollo de esta disciplina,los autores dividen este proceso en tres periódos diferentes que se relacionan con los procesos básicos vividos en el momento:.1) Surgimiento de la sociologia del trabajo a mediados de los cincuenta y fines de sesenta, en donde proliferaban los temas de modernizacion y dominaba la teoría del desarrollo..2) Mediados de los años setenta a finales de los ochenta, en donde la sociología del trabajo se abre espacio por medio de la reconstruccion de la clase trabajadora y mejora de los movimientos sindicales del momento..3)Fines de los ochenta, los proceso de ajuste estructural y de globalización económica son temas que espande a la sociología del trabajo a abarcar temas de otra índole./WMV | ||
| 650 | |a TRABAJO | ||
| 650 | |a SOCIOLOGIA | ||
| 650 | |a TEORIA | ||
| 650 | |a ANALISIS SOCIOLOGICO | ||
| 650 | |a SOCIOLOGIA INDUSTRIAL | ||
| 650 | |a RELACIONES LABORALES | ||
| 650 | |a FACTORES DE PRODUCCION | ||
| 650 | |a PARTICIPACION DE LOS TRABAJADORES | ||
| 650 | |a MOVIMIENTOS OBREROS | ||
| 650 | |a ESPECIALIZACION | ||
| 650 | |a NUEVA TECNOLOGIA | ||
| 700 | |a coord | ||
| 710 | |a El Colegio de México |a Universidad Autónoma Metropolitana |a Fondo de Cultura Económica | ||
| 999 | |c 12668 |d 12668 | ||



